Spolehlivost, diagnostika, jakost /

Hlavní autor: Burkovič, Jan, 1946-
Korporativní autor: Vysoká škola báňská - Technická univerzita Ostrava. Strojní fakulta
Jazyk: Čeština
Vydáno: Ostrava : Vysoká škola báňská - Technická univerzita, 2001
Vydání: 1. vyd.
Témata:
Fyzický popis: 104 s. : il. ; 29 cm
Knihy
Uloženo v:
LEADER 01430nam a2200397 a 4500
001 000558310
003 CZ BrMZK
005 20091005141700.0
007 ta
008 000115s2001 xr e p cze d
015 |a cnb000996750 
020 |a 80-7078-838-0 
035 |a (OCoLC)47949749 
040 |a BOA001  |b cze 
072 7 |a 62  |x Technika všeobecně  |2 Konspekt  |9 19 
072 7 |a 37.016  |x Učební osnovy. Vyučovací předměty. Učebnice  |2 Konspekt  |9 22 
080 |a 62-027.45  |2 MRF 
080 |a 519.873  |2 MRF 
080 |a 62:681.518.5  |2 MRF 
080 |a 005.6  |2 MRF 
080 |a (075.8)  |2 MRF 
100 1 |a Burkovič, Jan,  |d 1946-  |7 mzk2002160788 
245 1 0 |a Spolehlivost, diagnostika, jakost /  |c Jan Burkovič 
250 |a 1. vyd. 
260 |a Ostrava :  |b Vysoká škola báňská - Technická univerzita,  |c 2001 
300 |a 104 s. :  |b il. ;  |c 29 cm 
500 |a Bibliogr. 
650 0 7 |a spolehlivost (technika)  |7 ph125917  |2 czenas 
650 0 7 |a teorie spolehlivosti  |7 ph126573  |2 czenas 
650 0 7 |a technická diagnostika  |7 ph126457  |2 czenas 
650 0 7 |a management jakosti  |7 ph115218  |2 czenas 
655 7 |a učebnice vysokých škol  |7 fd133772  |2 czenas 
710 2 |a Vysoká škola báňská - Technická univerzita Ostrava.  |b Strojní fakulta  |7 kn20010709395 
910 |a BOA001  |b 4-1084.400 
990 |a BK 
996 6 |b 2610133677  |c 4-1084.400  |l MZK  |r Sklad / do 1 hodiny  |n 3  |p p.v.  |w 000558310  |u 000010  |a 1  |e BOA001  |j MZK50  |s P